Quiz sulla Cambogia - Statistics

Statistiche generali
  • Questo quiz è stato fatto 509 volte
  • Il punteggio medio è 12 su 17
Statistiche sulle risposte
Hint Risposta % Corretto
Paesi che confinano con la Cambogia Laos
98%
Paesi che confinano con la Cambogia Thailandia
97%
Paesi che confinano con la Cambogia Vietnam
97%
Religione praticata dal 97% della popolazione cambogiana Buddismo
89%
Paese che ha controllato la Cambogia dal 1867 al 1953 Francia
84%
Capitale della Cambogia Phnom Penh
82%
Paese che ha invaso la Cambogia nel 1970 Stati Uniti
80%
Penisola in cui si trova la Cambogia Indocina
78%
Questa lingua ne ha 74, più di qualsiasi altra lingua Lettere
77%
Grande fiume che scorre attraverso questa città Fiume Mekong
69%
Famigerato dittatore accusato di aver ucciso circa il 20% della popolazione cambogianaalla fine degli anni '70 Pol Pot
65%
Quel dittatore si ispirava al "Grande balzo in avanti" di quest'altro politico Mao Zedong
64%
Lingua ufficiale della Cambogia (è noto anche come Cambogiano - ma è più conosciuto con questo nome) Khmer
57%
Antico complesso di templi raffigurato sulla bandiera della Cambogia Angkor Wat
55%
A causa delle guerre svolte nell'area, si stima che queste cose abbiano ucciso circa 60.000 persone dal 1970 Mine Terrestri
49%
Antico nome con cui era chiamata la Cambogia: inizia con K Kampuchea
40%
Quel complesso di templi si trova in questa città, con le iniziali SR Siem Reap
32%
Nessun quiz corrispondente trovato
Distribuzione punteggi
Percentuale di utenti per punteggio
Percentile per numero di risposta
I tuoi punteggi nel tempo
Non hai fatto questo quiz